000 00644nam a2200229Ia 4500
003 OSt
005 20220924122635.0
006 a|||||r|||| 00| 0
007 ta
008 220923b |||||||| |||| 00| 0 urd d
024 _a269504
037 _cTextual
040 _aARTS
_cARTS
_burd
041 _2urd
_aurd
082 _aO28v2,N9, 168M9
100 _aKhan Shams Tabrez Au.
_9190174
245 0 _aArabi adab me Hindustan ka hissa
260 _aLucknow
_bDanish mahal India
_c1989
650 _aARABIC LITERATURE
942 _hO28v2,N9, 168M9
_cTEXL
_2CC
999 _c412438
_d412438